000 00875nam a2200193Ia 4500
008 151121s9999||||xx |||||||||||||| ||und||
082 _a814/भिडे
082 _bHNW-11079
100 _aभिडे रामकृष्ण गोपाळ
245 _aस्वातंत्र्य-दिप अथवा जगांतील असहकारिता
260 _b"विजय प्रेस, पुणे।"
260 _c--
300 _a144
600 _aभिडे रामकृष्ण गोपाळ
630 _aस्वातंत्र्य-दिप अथवा जगांतील असहकारिता
700 _aभिडे रामकृष्ण गोपाळ
730 _aस्वातंत्र्य-दिप अथवा जगांतील असहकारिता
942 _cBOOK
999 _c1216061
_d1216058